Normal view
MARC view
- تأليف: التميمي البصري، ابي عبيدة معمر بن المثنى؛ وضع حواشيه: خليل عمران المنصور
Entry Personal Name
001 - CONTROL NUMBER
- control field: 59044
003 - CONTROL NUMBER IDENTIFIER
- control field: JO-AjAnu
005 - DATE AND TIME OF LATEST TRANSACTION
- control field: 20230606083646.0
008 - FIXED-LENGTH DATA ELEMENTS
- fixed length control field: 230606|| aca||aabn | a|a d
040 ## - CATALOGING SOURCE
- Original cataloging agency: JO-AjAnu
- Transcribing agency: JO-AjAnu
100 ## - HEADING--PERSONAL NAME
- Personal name: تأليف: التميمي البصري، ابي عبيدة معمر بن المثنى؛ وضع حواشيه: خليل عمران المنصور
670 ## - SOURCE DATA FOUND
- Source citation: Work cat.: (JO-AjAnu)30118: تأليف: التميمي البصري، ابي عبيدة معمر بن المثنى؛ وضع حواشيه: خليل عمران المنصور, author, كتاب النقائض: نقائض جرير والفرزدق، ج2